Practice and theory of enzyme immunoassays (Record no. 39273)

MARC details
000 -LEADER
fixed length control field 00603nam a2200193Ia 4500
082 ## - DEWEY DECIMAL CLASSIFICATION NUMBER
Classification number 577.1+577.2
Item number TIJ
100 ## - MAIN ENTRY--AUTHOR NAME
Personal name TIJSSEN
245 #0 - TITLE STATEMENT
Title Practice and theory of enzyme immunoassays
260 ## - PUBLICATION, DISTRIBUTION, ETC. (IMPRINT)
Place of publication Amsterdam
Name of publisher Elsevier
Year of publication 1985
490 ## - SERIES STATEMENT
Series statement Laboratory techniques in biochemistry and molecular biology. V 15, edited by R.H.Burdon and P.H.Van Knippenberg
650 ## - SUBJECT ADDED ENTRY--TOPICAL TERM
Topical Term Antibodies
650 ## - SUBJECT ADDED ENTRY--TOPICAL TERM
Topical Term Antigen
650 ## - SUBJECT ADDED ENTRY--TOPICAL TERM
Topical Term Electron microscopy
650 ## - SUBJECT ADDED ENTRY--TOPICAL TERM
Topical Term Enzyme immunoassay
650 ## - SUBJECT ADDED ENTRY--TOPICAL TERM
Topical Term Immunoglobulin
650 ## - SUBJECT ADDED ENTRY--TOPICAL TERM
Topical Term Immunohistochemistry
942 ## - ADDED ENTRY ELEMENTS (KOHA)
Koha item type Books
Holdings
Withdrawn status Lost status Damaged status Not for loan Home library Current library Date acquired Full call number Accession Number Koha item type
        RRII Library RRII Library 16/12/2021 577.1+577.2 TIJ 19616 Books